Las perspectivas del comercio mundial no son halagüeñas /
সংরক্ষণ করুন:
| প্রধান লেখক: | |
|---|---|
| অন্যান্য লেখক: | |
| বিন্যাস: | পাঠ্য |
| ট্যাগগুলো: |
ট্যাগ যুক্ত করুন
কোনো ট্যাগ নেই, প্রথমজন হিসাবে ট্যাগ করুন!
|
MARC
| LEADER | 00000 a a2200000 04500 | ||
|---|---|---|---|
| 001 | 44556 | ||
| 003 | |||
| 040 | |||
| 100 | |a Mattoo, Aaditya | ||
| 245 | |a Las perspectivas del comercio mundial no son halagüeñas / |c Aaditya Mattoo, Arvind Subramanian | ||
| 700 | |a Subramanian, Arvind | ||
| 773 | |g volumen42, número1 ( , 2005), páginas 19-21 | ||
| 999 | |c 37199 |d 37199 | ||
